Guess the leader of these Kpop groups - Statistics

General Stats
  • This quiz has been taken 167 times
  • The average score is 18 of 30
Answer Stats
Hint Answer % Correct
Stray Kids Bang Chan
97%
Bts Rm
93%
TxT Soobin
93%
Aespa Karina
90%
(G)i-dle Soyeon
89%
Le Sserafim Chaewon
87%
Twice Jihyo
86%
Enhypen Jungwon
85%
Itzy Yeji
85%
Red Velvet Irene
84%
Seventeen Scoups
84%
Big Bang Gdragon
76%
Ateez Hongjoong
72%
Shinee Onew
64%
Nmixx Haewon
63%
2ne1 CL
62%
Ikon Jay
57%
Astro Jinjin
54%
Exo Suho
54%
Boynextdoor Jaehyun
50%
Kep1er Yujin
48%
Zerobaseone Hanbin
47%
Got7 Jay B
42%
The Boyz Sangyeon
31%
Xdinary Heroes Gunil
28%
Dreamcatcher JiU
25%
Everglow Sihyeon
25%
Xikers Minjae
24%
Day6 Sungjin
23%
Kingdom Dann
15%
No matching quizzes found
Score Distribution
Percent of People with Each Score
Percentile by Number Answered
Your Score History
You have not taken this quiz